[Event "MCRE_SF12"]
[Site "?"]
[Date "2007.??.??"]
[Round "?"]
[White "Brichacek, Milan"]
[Black "Contos, Vaclav"]
[Result "1/2-1/2"]
[WhiteElo "2215"]
[BlackElo "2200"]
[PlyCount "121"]
[EventDate "2007.??.??"]
[EventRounds "2"]
[SourceDate "2007.09.24"]

1. e4 e5 2. Nf3 Nc6 3. Bb5 a6 4. Ba4 Nf6 5. O-O Be7 6. Re1 b5 7. Bb3 O-O 8. h3
Bb7 9. d3 Re8 10. a3 d5 11. exd5 Nxd5 12. Nbd2 Nd4 13. Nxd4 exd4 14. Ne4 c5 15.
Qh5 Rc8 16. Bg5 f6 17. Bd2 c4 18. dxc4 bxc4 19. Ba4 g6 20. Qe2 Rf8 21. b3 cxb3
22. Bxb3 f5 23. Ng3 Bf6 24. Rab1 Kg7 25. Bc4 Ba8 26. Qd3 Nc3 27. Bxc3 dxc3 28.
Bxa6 Rc7 29. Qf1 Qd6 30. a4 Bg5 31. Red1 Bd2 32. Qe2 Rf6 33. Bb5 Re6 34. Qd3 f4
35. Ne2 Be4 36. Qd4+ Kh6 37. Rb3 Bxc2 38. Rxc3 Qxd4 39. Nxd4 Rxc3 40. Rxd2 Re1+
41. Kh2 Be4 42. Ne2 Rc2 43. Rxc2 Bxc2 44. Nxf4 Ra1 45. Bc6 Bxa4 46. Be4 Bd7 47.
f3 Ra2 48. Kg3 Kg7 49. h4 Rd2 50. Nd5 Bf5 51. Ne3 Kf6 52. Bc6 Be6 53. f4 h5 54.
Be4 Rb2 55. Nd5+ Kg7 56. Ne7 Re2 57. Bf3 Rd2 58. Be4 Kf6 59. Nc6 Bd5 60. Bxd5
Rxd5 61. Kh2 1/2-1/2

[Event "MCRE_SF12"]
[Site "?"]
[Date "2007.??.??"]
[Round "?"]
[White "Brichacek, Milan"]
[Black "Koci, Vladimir"]
[Result "1/2-1/2"]
[WhiteElo "2215"]
[BlackElo "2098"]
[PlyCount "64"]
[EventDate "2007.??.??"]
[EventRounds "2"]
[SourceDate "2007.09.24"]

1. e4 e5 2. Nf3 Nc6 3. Bb5 a6 4. Ba4 Nf6 5. O-O Be7 6. Re1 b5 7. Bb3 d6 8. d3
Na5 9. Nc3 c6 10. Ne2 O-O 11. Ng3 Nxb3 12. axb3 a5 13. Qe2 c5 14. Bd2 Be6 15.
Nh4 Nh5 16. Qxh5 Bxh4 17. Nf5 Bf6 18. Qf3 d5 19. exd5 Bxd5 20. Qe3 Bb7 21. Qg3
Re8 22. Bc3 Bc8 23. Nh6+ Kf8 24. Ng4 Bxg4 25. Qxg4 g6 26. Qf3 Kg8 27. Qc6 b4
28. Bd2 Rc8 29. Qf3 e4 30. Rxe4 Rxe4 31. Qxe4 Bxb2 32. Ra2 Bd4 1/2-1/2

[Event "MCRE_SF12"]
[Site "?"]
[Date "2007.??.??"]
[Round "?"]
[White "Brichacek, Milan"]
[Black "Koukal, Vladimir"]
[Result "0-1"]
[WhiteElo "2215"]
[BlackElo "2230"]
[PlyCount "110"]
[EventDate "2007.??.??"]
[EventRounds "2"]
[SourceDate "2007.09.24"]

1. e4 e5 2. Nf3 Nc6 3. Bb5 a6 4. Ba4 Nf6 5. O-O Be7 6. Re1 d6 7. Bxc6+ bxc6 8.
d4 exd4 9. Nxd4 Bd7 10. Nc3 O-O 11. Bf4 Re8 12. h3 c5 13. Nb3 Rb8 14. Rb1 Bf8
15. e5 dxe5 16. Rxe5 Rxe5 17. Bxe5 Bf5 18. Qxd8 Rxd8 19. Bxf6 gxf6 20. Rc1 c4
21. Na5 Rd4 22. Ne2 Rd2 23. Ng3 Be6 24. Ne4 Bh6 25. Nxf6+ Kg7 26. Ne8+ Kh8 27.
Rb1 Rxc2 28. Nxc7 Bg7 29. Nxe6 fxe6 30. a4 Bd4 31. Kh2 Kg7 32. f4 Bxb2 33. Kg3
c3 34. Kf3 Rd2 35. Nc4 Rd3+ 36. Ke2 Rg3 37. Rg1 Kf6 38. Kd1 h5 39. Kc2 h4 40.
Kb3 Rg8 41. a5 Rg3 42. Ka2 Rd3 43. Kb3 Kf5 44. Rf1 Rd7 45. Re1 Rd4 46. Re2 Kxf4
47. Nxb2 cxb2 48. Rxb2 e5 49. Rf2+ Ke3 50. Rf6 Kd2 51. Rf2+ Kd3 52. Rf3+ Ke2
53. Rf6 e4 54. Kc3 Rd5 55. Rxa6 e3 0-1

[Event "MCRE_SF12"]
[Site "?"]
[Date "2007.??.??"]
[Round "?"]
[White "Brichacek, Milan"]
[Black "Kratochvil, Vaclav"]
[Result "0-1"]
[WhiteElo "2215"]
[BlackElo "2227"]
[PlyCount "96"]
[EventDate "2007.??.??"]
[EventRounds "2"]
[SourceDate "2007.09.24"]

1. e4 c5 2. Nf3 d6 3. d4 cxd4 4. Nxd4 Nf6 5. Nc3 Nc6 6. Bg5 e6 7. Qd2 a6 8.
Nxc6 bxc6 9. O-O-O Qa5 10. f4 d5 11. Bxf6 gxf6 12. Qd4 Be7 13. a3 Rb8 14. exd5
cxd5 15. Bd3 Kf8 16. g4 h5 17. g5 Qc5 18. Qxc5 Bxc5 19. Rde1 fxg5 20. fxg5 h4
21. Rhf1 Rg8 22. g6 f5 23. Nxd5 exd5 24. Bxf5 Kg7 25. Bd3 Rf8 26. b4 Bd6 27.
Rxf8 Bxf8 28. Rf1 Be6 29. Re1 Rb6 30. Kd2 Be7 31. Re5 h3 32. Re2 Bf6 33. Rf2
Bb2 34. Ke3 d4+ 35. Ke4 Bxa3 36. b5 axb5 37. Kxd4 Rb8 38. Ke5 Re8 39. Kd4 Rd8+
40. Ke5 Bg8 41. Re2 b4 42. Ke4 Kxg6 43. Re3 Be6 44. Rg3+ Kf6 45. Rf3+ Ke7 46.
Rf1 Rg8 47. Ke3 Rg2 48. Rh1 Bd5 0-1

[Event "MCRE_SF12"]
[Site "?"]
[Date "2007.??.??"]
[Round "?"]
[White "Brichacek, Milan"]
[Black "Matousek, Jan"]
[Result "1/2-1/2"]
[WhiteElo "2215"]
[BlackElo "2273"]
[PlyCount "31"]
[EventDate "2007.??.??"]
[EventRounds "2"]
[SourceDate "2007.09.24"]

1. e4 c5 2. Nf3 Nc6 3. d4 cxd4 4. Nxd4 Nf6 5. Nc3 e5 6. Ndb5 d6 7. Bg5 a6 8.
Na3 b5 9. Bxf6 gxf6 10. Nd5 Bg7 11. Bd3 Ne7 12. Nxe7 Qxe7 13. O-O O-O 14. c4 f5
15. cxb5 d5 16. exd5 {odhad} 1/2-1/2

[Event "MCRE_SF12"]
[Site "?"]
[Date "2007.??.??"]
[Round "?"]
[White "Brichacek, Milan"]
[Black "Nedoma, Petr"]
[Result "0-1"]
[WhiteElo "2215"]
[BlackElo "2345"]
[PlyCount "106"]
[EventDate "2007.??.??"]
[EventRounds "2"]
[SourceDate "2007.09.24"]

1. e4 e5 2. Nf3 d6 3. d4 exd4 4. Nxd4 a6 5. Nc3 Be7 6. Bc4 Nf6 7. O-O O-O 8.
Bf4 Nbd7 9. Qe2 Nb6 10. Bb3 Bg4 11. f3 Bc8 12. Rad1 c5 13. Nf5 Bxf5 14. exf5
Re8 15. Bxf7+ Kxf7 16. Qe6+ Kf8 17. Rxd6 Qc7 18. Ne4 Nc8 19. Rxa6 Rxa6 20. Bxc7
Rxe6 21. fxe6 Nxe4 22. fxe4+ Kg8 23. Rd1 Bf8 24. e5 Na7 25. Rd5 Nc6 26. c3 Rxe6
27. Bd6 Bxd6 28. exd6 Re5 29. Rd3 Kf7 30. d7 Ke7 31. Kf2 Kd8 32. b3 Rf5+ 33.
Ke3 Ne5 34. Rd2 Rf7 35. Ke4 Re7 36. Kf5 b5 37. a4 bxa4 38. bxa4 Nc4 39. Ra2
Kxd7 40. a5 Kc6 41. a6 Ne3+ 42. Kg5 Kb6 43. g4 Nd5 44. c4 Ne3 45. Ra4 Ra7 46.
Kf4 Nxg4 47. Ra2 Nf6 48. Rb2+ Kxa6 49. Ke5 Rb7 50. Rg2 Kb6 51. Ke6 Kc6 52. Re2
Ng8 53. Ra2 Re7+ 0-1

[Event "MCRE_SF12"]
[Site "?"]
[Date "2007.??.??"]
[Round "?"]
[White "Brichacek, Milan"]
[Black "Splichal, Josef"]
[Result "1/2-1/2"]
[WhiteElo "2215"]
[BlackElo "2190"]
[PlyCount "82"]
[EventDate "2007.??.??"]
[EventRounds "2"]
[SourceDate "2007.09.24"]

1. e4 e5 2. Nf3 Nc6 3. Bb5 Nf6 4. O-O Nxe4 5. d4 Nd6 6. Bxc6 dxc6 7. dxe5 Nf5
8. Qxd8+ Kxd8 9. Nc3 Be6 10. Ng5 Ke7 11. Rd1 h6 12. Nf3 Rd8 13. Bf4 Ke8 14. Ne4
Rxd1+ 15. Rxd1 Bd5 16. Re1 Kd7 17. g4 Ne7 18. e6+ fxe6 19. Ne5+ Kc8 20. c4 Bxe4
21. Rxe4 g5 22. Bg3 b6 23. h4 Rg8 24. hxg5 hxg5 25. b3 c5 26. Kg2 Rg7 27. Re1
a6 28. Nf3 Rg6 29. Rh1 Ng8 30. Rh5 Be7 31. Rh7 Bd6 32. Ne5 Nf6 33. Rf7 Bxe5 34.
Bxe5 Nxg4 35. Rxc7+ Kd8 36. Bg3 e5 37. Ra7 e4 38. Rxa6 e3 39. fxe3 Nxe3+ 40.
Kf3 Nf5 41. Ra8+ Kd7 1/2-1/2

[Event "MCRE_SF12"]
[Site "?"]
[Date "2007.??.??"]
[Round "?"]
[White "Contos, Vaclav"]
[Black "Brichacek, Milan"]
[Result "1-0"]
[WhiteElo "2200"]
[BlackElo "2215"]
[PlyCount "111"]
[EventDate "2007.??.??"]
[EventRounds "2"]
[SourceDate "2007.09.24"]

1. c4 e5 2. Nc3 Nf6 3. g3 d5 4. cxd5 Nxd5 5. Bg2 Nb6 6. Nf3 Nc6 7. O-O Be7 8.
a3 O-O 9. b4 Be6 10. d3 a5 11. b5 Nd4 12. Rb1 f6 13. Nd2 Bd5 14. Nxd5 Nxd5 15.
Ne4 a4 16. e3 Nb3 17. Qc2 Kh8 18. Nd2 Nxc1 19. Qxc1 Qd7 20. Rd1 f5 21. Nc4 Qe6
22. Qb2 Bf6 23. e4 fxe4 24. Bxe4 Rad8 25. Re1 b6 26. Rbc1 Bg5 27. Rc2 Bf6 28.
Bg2 e4 29. d4 Ne7 30. Rxe4 Qg8 31. Ne3 Qb3 32. Qc1 Rxd4 33. Rxc7 Rxe4 34. Bxe4
Qxb5 35. Ng4 Bb2 36. Qb1 Qe2 37. Bd3 Qxg4 38. Qxb2 Nd5 39. Rb7 Qd1+ 40. Bf1 Rg8
41. Qe5 Qb3 42. Bh3 Nf6 43. Be6 Qb1+ 44. Kg2 Re8 45. Rb8 Qg6 46. Bd7 Rg8 47.
Bf5 Qg5 48. f4 Qh5 49. g4 Qf7 50. Be6 Qxe6 51. Qxe6 Rxb8 52. g5 Ng8 53. f5 Rf8
54. h4 b5 55. Qd7 h6 56. f6 1-0

[Event "MCRE_SF12"]
[Site "?"]
[Date "2007.??.??"]
[Round "?"]
[White "Contos, Vaclav"]
[Black "Koci, Vladimir"]
[Result "1-0"]
[WhiteElo "2200"]
[BlackElo "2098"]
[PlyCount "57"]
[EventDate "2007.??.??"]
[EventRounds "2"]
[SourceDate "2007.09.24"]

1. e4 e5 2. Nf3 Nc6 3. d4 exd4 4. Nxd4 Bc5 5. Nxc6 Qf6 6. Qf3 dxc6 7. Bc4 Be6
8. Qxf6 Nxf6 9. Bxe6 fxe6 10. f3 O-O-O 11. Nd2 Rd7 12. Ke2 Rf8 13. Nb3 Bd6 14.
Be3 b6 15. Nd2 Kb7 16. Nc4 Be7 17. Rhd1 Rfd8 18. Ne5 Rxd1 19. Rxd1 Rxd1 20.
Kxd1 Bd6 21. Nf7 Bxh2 22. Nd8+ Kc8 23. Nxe6 Be5 24. Bc1 Kd7 25. Nxg7 Nxe4 26.
Nh5 Nf6 27. Nxf6+ Bxf6 28. g4 Ke6 29. Ke2 {a cerny vystoupil z turnaje} 1-0

[Event "MCRE_SF12"]
[Site "?"]
[Date "2007.??.??"]
[Round "?"]
[White "Contos, Vaclav"]
[Black "Koukal, Vladimir"]
[Result "1/2-1/2"]
[WhiteElo "2200"]
[BlackElo "2230"]
[PlyCount "48"]
[EventDate "2007.??.??"]
[EventRounds "2"]
[SourceDate "2007.09.24"]

1. c4 e5 2. Nc3 Nf6 3. g3 Bc5 4. Bg2 O-O 5. e3 d6 6. Nge2 c6 7. O-O Bb6 8. d4
Re8 9. b4 e4 10. a4 Bc7 11. b5 d5 12. bxc6 bxc6 13. cxd5 cxd5 14. Nb5 Nbd7 15.
Ba3 Nb6 16. Bc5 Nc4 17. Nxa7 Bg4 18. Qc2 Bb6 19. Bxb6 Nxb6 20. Nb5 Bxe2 21.
Qxe2 Qd7 22. Rfc1 Nxa4 23. Bf1 Nb6 24. Qe1 Rxa1 1/2-1/2

[Event "MCRE_SF12"]
[Site "?"]
[Date "2007.??.??"]
[Round "?"]
[White "Contos, Vaclav"]
[Black "Kratochvil, Vaclav"]
[Result "1-0"]
[WhiteElo "2200"]
[BlackElo "2227"]
[PlyCount "97"]
[EventDate "2007.??.??"]
[EventRounds "2"]
[SourceDate "2007.09.24"]

1. d4 d5 2. c4 e6 3. cxd5 exd5 4. Nc3 c6 5. Qc2 Bd6 6. Nf3 Nf6 7. Bg5 Be6 8. e3
h6 9. Bh4 Nbd7 10. Bd3 O-O 11. O-O Bg4 12. Nd2 Qc7 13. h3 Bh5 14. g4 Bg6 15.
Bxg6 fxg6 16. Qxg6 Rf7 17. f4 Re8 18. Qd3 Bb4 19. Bxf6 Rxf6 20. Nf3 Ref8 21.
Ne2 Re6 22. Ne5 Nf6 23. Ng3 Rfe8 24. Rac1 Bd6 25. Rc2 Qd8 26. Qf5 Qc7 27. h4
Nh7 28. Qd3 Rd8 29. Nf5 Bxe5 30. fxe5 Rf8 31. Kg2 Qd7 32. b4 a6 33. Rcf2 Kh8
34. Qc2 Rg6 35. Rf4 Re8 36. h5 Rge6 37. Nh4 Qc8 38. Ng6+ Kg8 39. a4 Qd7 40. Qf2
R6e7 41. Kg3 Qe6 42. Nxe7+ Rxe7 43. Qc2 Re8 44. Qg6 Ng5 45. Qxe6+ Nxe6 46. Rf7
Rb8 47. Re7 Ng5 48. a5 Ne4+ 49. Kh4 1-0

[Event "MCRE_SF12"]
[Site "?"]
[Date "2007.??.??"]
[Round "?"]
[White "Contos, Vaclav"]
[Black "Matousek, Jan"]
[Result "1/2-1/2"]
[WhiteElo "2200"]
[BlackElo "2273"]
[PlyCount "35"]
[EventDate "2007.??.??"]
[EventRounds "2"]
[SourceDate "2007.09.24"]

1. e4 c5 2. c3 Nf6 3. e5 Nd5 4. d4 cxd4 5. Nf3 Nc6 6. cxd4 d6 7. Bc4 Nb6 8. Bb5
dxe5 9. Nxe5 Bd7 10. Nxd7 Qxd7 11. Nc3 e6 12. O-O Be7 13. Qg4 O-O 14. Bxc6 bxc6
15. Bh6 Bf6 16. Rfd1 Qe7 17. Rac1 Nd5 18. Ne4 {odhad} 1/2-1/2

[Event "MCRE_SF12"]
[Site "?"]
[Date "2007.??.??"]
[Round "?"]
[White "Contos, Vaclav"]
[Black "Nedoma, Petr"]
[Result "1-0"]
[WhiteElo "2200"]
[BlackElo "2345"]
[PlyCount "103"]
[EventDate "2007.??.??"]
[EventRounds "2"]
[SourceDate "2007.09.24"]

1. Nf3 Nf6 2. g3 d5 3. Bg2 c6 4. O-O Bf5 5. d3 e6 6. Nbd2 Bg6 7. c4 Nbd7 8.
cxd5 cxd5 9. Qa4 Bd6 10. Nb3 O-O 11. Bd2 h6 12. Rfc1 Qe7 13. Rc3 e5 14. Nh4 Bh7
15. Bh3 Nb6 16. Qb5 Nfd7 17. Rc2 a6 18. Qa5 f5 19. Ng2 Qf7 20. Bb4 Bxb4 21.
Qxb4 d4 22. Nc5 Nxc5 23. Rxc5 Nd5 24. Qc4 Rad8 25. Ne1 Kh8 26. Nf3 Rfe8 27. Bg2
Bg8 28. Nh4 Qd7 29. Qc2 b6 30. Rc6 Nb4 31. Qc1 Nxc6 32. Bxc6 Qe6 33. Bxe8 Rxe8
34. Qc7 g5 35. Nf3 Qf6 36. Rc1 Bd5 37. Qa7 a5 38. a4 f4 39. g4 h5 40. gxh5 g4
41. Qd7 Rg8 42. Nh4 Qxh4 43. Qxd5 Qxh5 44. Qe4 f3 45. Rc7 Rf8 46. exf3 gxf3 47.
Kh1 Rg8 48. h4 Rg2 49. Rc8+ Rg8 50. Rxg8+ Kxg8 51. Kh2 Kh8 52. Kg3 1-0

[Event "MCRE_SF12"]
[Site "?"]
[Date "2007.??.??"]
[Round "?"]
[White "Contos, Vaclav"]
[Black "Splichal, Josef"]
[Result "1-0"]
[WhiteElo "2200"]
[BlackElo "2190"]
[PlyCount "63"]
[EventDate "2007.??.??"]
[EventRounds "2"]
[SourceDate "2007.09.24"]

1. d4 Nf6 2. c4 e6 3. Nc3 Bb4 4. Qc2 O-O 5. a3 Bxc3+ 6. Qxc3 Ne4 7. Qc2 d5 8.
Nf3 f5 9. cxd5 exd5 10. Bf4 c5 11. dxc5 Nc6 12. b4 a5 13. b5 Ne7 14. Be5 a4 15.
Nd2 Ng6 16. Bd4 Bd7 17. e3 Rf7 18. Be2 Qa5 19. Rb1 Nh4 20. Rg1 f4 21. Rb4 Bf5
22. f3 Ng5 23. e4 dxe4 24. fxe4 Re8 25. exf5 Rfe7 26. Kd1 Rxe2 27. f6 Qd8 28.
c6 Rxg2 29. Qa2+ Nf7 30. cxb7 f3 31. Rxa4 Nf5 32. Rxg2 1-0

[Event "MCRE_SF12"]
[Site "?"]
[Date "2007.??.??"]
[Round "?"]
[White "Koci, Vladimir"]
[Black "Brichacek, Milan"]
[Result "1/2-1/2"]
[WhiteElo "2098"]
[BlackElo "2215"]
[PlyCount "59"]
[EventDate "2007.??.??"]
[EventRounds "2"]
[SourceDate "2007.09.24"]

1. d4 Nf6 2. Nf3 e6 3. Nbd2 c5 4. e4 cxd4 5. e5 Nd5 6. Nxd4 d6 7. Qg4 Nb4 8.
Bb5+ Bd7 9. Bxd7+ Qxd7 10. exd6 N8c6 11. N2f3 f5 12. Qh4 Bxd6 13. O-O Nxd4 14.
Nxd4 O-O 15. c3 Nd3 16. Rd1 Nxc1 17. Raxc1 e5 18. Ne2 f4 19. Rc2 Qe6 20. Rcd2
Be7 21. Qh5 f3 22. Ng3 fxg2 23. Re2 Qxa2 24. Qxe5 Rad8 25. Rxd8 Bxd8 26. Kxg2
Qf7 27. Qe6 b6 28. c4 Qxe6 29. Rxe6 Kf7 30. Re3 1/2-1/2

[Event "MCRE_SF12"]
[Site "?"]
[Date "2007.??.??"]
[Round "?"]
[White "Koci, Vladimir"]
[Black "Contos, Vaclav"]
[Result "0-1"]
[WhiteElo "2098"]
[BlackElo "2200"]
[PlyCount "44"]
[EventDate "2007.??.??"]
[EventRounds "2"]
[SourceDate "2007.09.24"]

1. d4 Nf6 2. Nf3 e6 3. Nbd2 d5 4. c4 c5 5. cxd5 exd5 6. dxc5 Bxc5 7. e3 O-O 8.
Nb3 Bd6 9. Be2 Nc6 10. O-O Re8 11. Nbd4 Ne4 12. Qb3 a6 13. Re1 Na5 14. Qc2 Bd7
15. Bd2 Nc4 16. Bxc4 Rc8 17. Red1 Rxc4 18. Qd3 Qf6 19. Rdc1 g5 20. Be1 g4 21.
Nd2 Nc5 22. Qa3 Ra4 {a bily vystoupil z turnaje} 0-1

[Event "MCRE_SF12"]
[Site "?"]
[Date "2007.??.??"]
[Round "?"]
[White "Koci, Vladimir"]
[Black "Koukal, Vladimir"]
[Result "0-1"]
[WhiteElo "2098"]
[BlackElo "2230"]
[PlyCount "76"]
[EventDate "2007.??.??"]
[EventRounds "2"]
[SourceDate "2007.09.24"]

1. d4 Nf6 2. Nf3 e6 3. Nbd2 d5 4. c4 c5 5. cxd5 cxd4 6. dxe6 Bxe6 7. g3 Nc6 8.
Bg2 Qb6 9. O-O Be7 10. b3 Rd8 11. Bb2 O-O 12. Rc1 Qa6 13. Nc4 Bc5 14. a4 Rfe8
15. Nce5 Bf8 16. Nd3 Ne4 17. b4 Qb6 18. a5 Qa6 19. Qc2 Qb5 20. Rfd1 Bf5 21. Nh4
Bc8 22. Nf3 Nc3 23. Bxc3 dxc3 24. Qxc3 Rxe2 25. Nfe5 Nxe5 26. Nf4 Rxd1+ 27.
Rxd1 Bg4 28. Rd5 Qc4 29. Nxe2 Bxe2 30. Qxc4 Nxc4 31. Bf1 Bxf1 32. Kxf1 Nd6 33.
Ke2 g6 34. b5 b6 35. axb6 axb6 36. f4 Kg7 37. Kf3 Ne8 38. Rd3 Bc5 {
a bily vystoupil z turnaje} 0-1

[Event "MCRE_SF12"]
[Site "?"]
[Date "2007.??.??"]
[Round "?"]
[White "Koci, Vladimir"]
[Black "Kratochvil, Vaclav"]
[Result "1/2-1/2"]
[WhiteElo "2098"]
[BlackElo "2227"]
[PlyCount "73"]
[EventDate "2007.??.??"]
[EventRounds "2"]
[SourceDate "2007.09.24"]

1. d4 d5 2. Nf3 Nf6 3. c4 e6 4. Nc3 c6 5. e3 Nbd7 6. cxd5 exd5 7. Bd3 Bd6 8.
O-O O-O 9. Re1 Re8 10. Qc2 Nf8 11. h3 Qe7 12. e4 dxe4 13. Nxe4 Nxe4 14. Rxe4
Be6 15. Ng5 Qf6 16. Bd2 h6 17. Nxe6 Nxe6 18. Rae1 Re7 19. Bc3 Qg5 20. Rg4 Qd5
21. Be4 Qxa2 22. d5 cxd5 23. Bh7+ Kh8 24. Ra4 Qxa4 25. Qxa4 Kxh7 26. Rd1 d4 27.
Bxd4 Nxd4 28. Qxd4 Bc7 29. Qa4 Rae8 30. g4 Bb6 31. Rd2 g6 32. Kg2 Re4 33. Qc2
R8e7 34. Kf3 R4e6 35. h4 Ba5 36. Rd4 Bc7 37. h5 1/2-1/2

[Event "MCRE_SF12"]
[Site "?"]
[Date "2007.??.??"]
[Round "?"]
[White "Koci, Vladimir"]
[Black "Nedoma, Petr"]
[Result "0-1"]
[WhiteElo "2098"]
[BlackElo "2345"]
[PlyCount "54"]
[EventDate "2007.??.??"]
[EventRounds "2"]
[SourceDate "2007.09.24"]

1. d4 Nf6 2. Nf3 d5 3. c4 e6 4. Nc3 c6 5. e3 Nbd7 6. Bd3 Bd6 7. O-O dxc4 8.
Bxc4 O-O 9. e4 e5 10. Bg5 Qe7 11. d5 h6 12. dxc6 bxc6 13. Bh4 Rb8 14. Qc2 Rd8
15. Rac1 Nc5 16. Nd2 Bc7 17. Rfd1 Ne6 18. Ne2 g5 19. Bg3 Nh5 20. Nb3 Rxd1+ 21.
Rxd1 Nef4 22. Nc5 Bb6 23. Na6 Bxa6 24. Bxa6 Rd8 25. Rxd8+ Qxd8 26. Bc4 Qd6 27.
Kf1 Kf8 {a bily vystoupil z turnaje} 0-1

[Event "MCRE_SF12"]
[Site "?"]
[Date "2007.??.??"]
[Round "?"]
[White "Koci, Vladimir"]
[Black "Splichal, Josef"]
[Result "0-1"]
[WhiteElo "2098"]
[BlackElo "2190"]
[PlyCount "48"]
[EventDate "2007.??.??"]
[EventRounds "2"]
[SourceDate "2007.09.24"]

1. d4 Nf6 2. Nf3 e6 3. c4 d5 4. Nc3 Bb4 5. Bd2 O-O 6. e3 Be7 7. cxd5 exd5 8.
Bd3 c6 9. Ne5 Nbd7 10. O-O Nxe5 11. dxe5 Ng4 12. Qc2 g6 13. f4 d4 14. Nd1 dxe3
15. Bxe3 Nxe3 16. Nxe3 Qd4 17. Rf3 Bg4 18. Rg3 Rad8 19. Kh1 Bc8 20. Nf5 Bxf5
21. Bxf5 Qxf4 22. e6 Rd2 23. Qc1 Kg7 24. exf7 Rxf7 0-1

[Event "MCRE_SF12"]
[Site "?"]
[Date "2007.??.??"]
[Round "?"]
[White "Koukal, Vladimir"]
[Black "Brichacek, Milan"]
[Result "1-0"]
[WhiteElo "2230"]
[BlackElo "2215"]
[PlyCount "99"]
[EventDate "2007.??.??"]
[EventRounds "2"]
[SourceDate "2007.09.24"]

1. e4 c5 2. Nf3 d6 3. d4 cxd4 4. Nxd4 Nf6 5. Nc3 a6 6. Be2 e5 7. Nb3 Be7 8. O-O
Be6 9. f4 Qc7 10. Be3 O-O 11. Nd5 Bxd5 12. exd5 Nbd7 13. c4 Rae8 14. fxe5 Nxe5
15. Rc1 Bd8 16. Bd4 Qd7 17. Nd2 Nfg4 18. h3 Nh6 19. c5 Nf5 20. Bg4 Nxg4 21.
Qxg4 g6 22. c6 bxc6 23. dxc6 Qe6 24. c7 Bg5 25. Qxg5 Nxd4 26. Kh2 f5 27. Rfe1
Qd7 28. c8=Q Rxc8 29. Re7 Qxe7 30. Qxe7 Rxc1 31. Qxd6 Nb5 32. Qd5+ Kg7 33. Nb3
Rcc8 34. Nc5 Rf7 35. Nxa6 Na7 36. Nc5 Re7 37. a4 Nc6 38. b4 Ne5 39. b5 f4 40.
Ne6+ Kf6 41. Nxf4 Ree8 42. Qd6+ Kf7 43. b6 Rcd8 44. Qb4 Kg7 45. b7 Nd7 46. Qc4
Nb8 47. Ne6+ Rxe6 48. Qxe6 Rf8 49. Qe7+ Kg8 50. a5 1-0

[Event "MCRE_SF12"]
[Site "?"]
[Date "2007.??.??"]
[Round "?"]
[White "Koukal, Vladimir"]
[Black "Contos, Vaclav"]
[Result "1/2-1/2"]
[WhiteElo "2230"]
[BlackElo "2200"]
[PlyCount "46"]
[EventDate "2007.??.??"]
[EventRounds "2"]
[SourceDate "2007.09.24"]

1. e4 e5 2. Nf3 Nc6 3. Bb5 a6 4. Ba4 Nf6 5. O-O Be7 6. Re1 b5 7. Bb3 O-O 8. d4
d6 9. c3 Bg4 10. Qd3 Bxf3 11. gxf3 Na5 12. Bd1 Nh5 13. f4 Nxf4 14. Bxf4 exf4
15. Nd2 c5 16. Bg4 Qc7 17. Bf5 g6 18. Bh3 Bf6 19. Nf3 Rfe8 20. Qd2 g5 21. Bf5
Nc4 22. Qe2 h6 23. h4 Kg7 1/2-1/2

[Event "MCRE_SF12"]
[Site "?"]
[Date "2007.??.??"]
[Round "?"]
[White "Koukal, Vladimir"]
[Black "Koci, Vladimir"]
[Result "1-0"]
[WhiteElo "2230"]
[BlackElo "2098"]
[PlyCount "67"]
[EventDate "2007.??.??"]
[EventRounds "2"]
[SourceDate "2007.09.24"]

1. e4 e5 2. Nf3 Nc6 3. Bb5 a6 4. Ba4 Nf6 5. O-O Be7 6. Re1 b5 7. Bb3 d6 8. c3
O-O 9. d4 Bg4 10. Bc2 exd4 11. cxd4 Nb4 12. d5 c5 13. dxc6 Rc8 14. Nc3 Nxc6 15.
h3 Bh5 16. Bf4 Bxf3 17. gxf3 Ne5 18. Bb3 Nc4 19. Bxc4 Rxc4 20. Kg2 Qd7 21. Qd3
Rfc8 22. Rad1 b4 23. Ne2 d5 24. exd5 a5 25. Be5 Rh4 26. f4 Rh6 27. d6 Bf8 28.
f5 Ne8 29. Bf4 Rf6 30. Ng3 a4 31. Qf3 Kh8 32. Re5 g5 33. Ne4 gxf4 34. Rxe8 {
a cerny vystoupil z turnaje} 1-0

[Event "MCRE_SF12"]
[Site "?"]
[Date "2007.??.??"]
[Round "?"]
[White "Koukal, Vladimir"]
[Black "Kratochvil, Vaclav"]
[Result "1/2-1/2"]
[WhiteElo "2230"]
[BlackElo "2227"]
[PlyCount "68"]
[EventDate "2007.??.??"]
[EventRounds "2"]
[SourceDate "2007.09.24"]

1. e4 c5 2. Nf3 d6 3. d4 cxd4 4. Nxd4 Nf6 5. Nc3 Nc6 6. Be2 e5 7. Nb3 Be7 8.
O-O O-O 9. Be3 a5 10. a3 Be6 11. Re1 a4 12. Nd2 d5 13. exd5 Nxd5 14. Nxd5 Qxd5
15. Bc4 Qd6 16. Qh5 Qd7 17. Qe2 Rfd8 18. Rad1 Bg4 19. Nf3 Qf5 20. Rxd8+ Rxd8
21. h3 Bxf3 22. Qxf3 Qxf3 23. gxf3 Kf8 24. c3 Bd6 25. Bb6 Ra8 26. Rd1 Ke7 27.
Bxf7 Bxa3 28. bxa3 Kxf7 29. Rd7+ Kf6 30. h4 Na5 31. Rc7 Nb3 32. Kg2 Nd2 33.
Rxb7 Nb1 34. Bc5 Rc8 1/2-1/2

[Event "MCRE_SF12"]
[Site "?"]
[Date "2007.??.??"]
[Round "?"]
[White "Koukal, Vladimir"]
[Black "Matousek, Jan"]
[Result "1/2-1/2"]
[WhiteElo "2230"]
[BlackElo "2273"]
[PlyCount "35"]
[EventDate "2007.??.??"]
[EventRounds "2"]
[SourceDate "2007.09.24"]

1. e4 c5 2. Nf3 Nc6 3. d4 cxd4 4. Nxd4 Nf6 5. Nc3 e5 6. Ndb5 d6 7. Nd5 Nxd5 8.
exd5 Nb8 9. Bd3 Be7 10. O-O O-O 11. Be3 a6 12. Na3 f5 13. f4 Nd7 14. fxe5 Nxe5
15. Qd2 Qc7 16. Be2 Bd7 17. Rac1 Rfe8 18. c4 {odhad} 1/2-1/2

[Event "MCRE_SF12"]
[Site "?"]
[Date "2007.??.??"]
[Round "?"]
[White "Koukal, Vladimir"]
[Black "Nedoma, Petr"]
[Result "1-0"]
[WhiteElo "2230"]
[BlackElo "2345"]
[PlyCount "65"]
[EventDate "2007.??.??"]
[EventRounds "2"]
[SourceDate "2007.09.24"]

1. e4 e5 2. Nf3 d6 3. d4 exd4 4. Nxd4 a6 5. Be2 Nf6 6. Nc3 Be7 7. O-O O-O 8.
Re1 Re8 9. Bc4 b5 10. Bf1 c5 11. Nde2 Nbd7 12. Ng3 Bf8 13. Bg5 Bb7 14. a3 h6
15. Bd2 Qc7 16. Qf3 Nd5 17. Nxd5 Bxd5 18. exd5 Ne5 19. Qf5 Rad8 20. Rad1 c4 21.
Qh3 Qd7 22. Nf5 Qc7 23. Be2 Kh7 24. Bf3 Nxf3+ 25. Qxf3 Qd7 26. Bc3 g6 27. Ne7
f5 28. Nc6 Rc8 29. Nd4 Qf7 30. Re6 Bg7 31. h4 h5 32. Rde1 Bf8 33. Qf4 1-0

[Event "MCRE_SF12"]
[Site "?"]
[Date "2007.??.??"]
[Round "?"]
[White "Koukal, Vladimir"]
[Black "Splichal, Josef"]
[Result "1/2-1/2"]
[WhiteElo "2230"]
[BlackElo "2190"]
[PlyCount "58"]
[EventDate "2007.??.??"]
[EventRounds "2"]
[SourceDate "2007.09.24"]

1. e4 e5 2. Nf3 Nc6 3. Bb5 Nf6 4. O-O Nxe4 5. Re1 Nd6 6. Nxe5 Be7 7. Bf1 O-O 8.
d4 Nf5 9. c3 Nxe5 10. Rxe5 d6 11. Re1 d5 12. Bd3 c6 13. Nd2 Bd6 14. Nf3 Ne7 15.
Ne5 Bf5 16. Bxf5 Nxf5 17. Qg4 g6 18. Bf4 Re8 19. Nd3 Re4 20. Rxe4 dxe4 21. Bxd6
exd3 22. Be5 f6 23. Bf4 Qd5 24. Qd1 Qe4 25. Bd2 Re8 26. Qf1 Nd6 27. Re1 Qf5 28.
Rxe8+ Nxe8 29. f3 h5 1/2-1/2